000 00324nam a2200145Ia 4500
008 100122s9999 xx 000 0 und d
082 _b16162
_a808.88
100 _aRESWIN MAX
245 _aSICK JOKES
260 _bPOCKET BOOKS
_c1967
300 _a250
630 _aSICK JOKES
730 _aSICK JOKES
942 _cBOOK
999 _c365098
_d365095